| 000 | 00372 a2200109 4500 | ||
|---|---|---|---|
| 020 | _a9788173198588 | ||
| 082 | _a551.2 SIN | ||
| 100 | _aSingh, B., ed. | ||
| 245 |
_aElectromagnetic phenomena related to earthquakes and volcanoes / _cEdited by Birabal Singh |
||
| 260 |
_aNew Delhi : _bNarosa Publishing House, _c2008 |
||
| 300 |
_axi, 249p. : _bill., ; _c25 cm. |
||
| 650 | _aEarthquakes -- Electromagnetics | ||
| 999 |
_c628 _d628 |
||